000 00428nam a22001697a 4500
999 _c6176
_d6174
005 20210827114437.0
008 200320b xxu||||| |||| 00| 0 eng d
020 _a9788123917610
041 _aeng
082 _a617.95
100 _aNEMA, RAJESH KUMAR
_95245
245 _aTEXTBOOK OF COSMETICS
260 _aNEW DELHI
_bCBS PUBLISHERS AND DISTRIBUTORS
_c2017
300 _a324P. ; XI
650 _aPHAMACY
_95105
942 _cBK